Statystyki dla Nieoficjalne języki w Unii Europejskiej

Kliknij tutaj aby rozwiązać quiz!

Ogólne statystyki

  • Ten quiz został rozwiązany 16 razy
  • Średni wynik to 5 z 22

Statystyki odpowiedzi

Języki% Poprawnych
Kaszubski
87%
Kataloński
73%
Galicyjski
53%
Lapoński
40%
Rosyjski
40%
Bretoński
33%
Dolnołużycki
33%
Fryzyjski
33%
Baskijski
27%
Górnołużycki
27%
Sardyński
20%
Luksemburski
13%
Waloński
13%
Esperanto
7%
Liguryjski
7%
Prowansalski
7%
Retoromański
7%
Alzacki
0%
Fareski
0%
Romowie
0%
Pattdeutsch
0%
Szampański
0%

Rozkład punktacji

Percentyl według liczby udzielonych odpowiedzi

Procent ludzi z każdym wynikiem

Twoja historia wyników

Nie rozwiązałeś tego quizu